Polska 2025 - Statystyki

Ogólne statystyki
  • Ten quiz został rozwiązany 45 razy
  • Średni wynik to 12 z 15
Statystyki odpowiedzi
Hint Odpowiedź % Poprawnych
Stolica Warszawa
100%
Ilość województw 16
95%
Prezydent Karol Nawrocki
95%
Oficjalna nazwa Rzeczpospolita Polska
95%
Najdłuższa rzeka Wisła
95%
W którym roku Polska weszła do UE? 2004
93%
Ilość sąsiadów 7
93%
Premier Donald Tusk
90%
Hymn Mazurek Dąbrowskiego
85%
W którym roku Polska weszła do NATO? 1999
83%
Pierwszy władca Mieszko I
76%
Marszałek Sejmu Włodzimierz Czarzasty
66%
Odzyskanie niepodległości 11.11.1918
63%
W którym roku uchwalono obecną konstytucję? 1997
56%
Marszałek Senatu Małgorzata Kidawa-Błońska
34%
Nie znaleziono quizów pasujących do podanych kryteriów
Rozkład punktacji
Procent ludzi z każdym wynikiem
Percentyl według liczby udzielonych odpowiedzi
Twoja historia wyników
Nie rozwiązałeś tego quizu